000 00302nam a2200121Ia 4500
008 220120s9999||||xx |||||||||||||| ||und||
020 _a9789380349244
082 _a621.382 5
100 _aPeter, Ashendem, J
_911410
245 0 _aDesigner's guide to VHDL
260 _bNew Delhi
300 _a264p.
_b150
999 _c136329
_d136329